000 00415nam a22001817a 4500
003 MPLRDC
005 20220104123911.0
008 210129b ||||| |||| 00| 0 eng d
082 _a490.7 YCZ
100 _a伊吹卓著
245 _a商场赢家
_c
250 _a初版
260 _a
_b新文图书出版社
_c1984
300 _b
490 _a新文丛书系列
650 _a
942 _cBK
_o490.7 YCZ
999 _c15077
_d15067